Environmental microbiology

Designed for advanced undergraduate students, graduate students, and environmental professionals, this book builds upon the tremendous success of the previous editions with a comprehensive and up-to-date discussion of environmental microbiology as a discipline that has greatly expanded in scope and...

Description complète

Enregistré dans:
Détails bibliographiques
Auteur principal: Pepper, Ian L.
Format: Livre
Langue:Undetermined
Publié: Boston Elsevier 2015
Sujets:
Tags: Ajouter un tag
Pas de tags, Soyez le premier à ajouter un tag!
Thư viện lưu trữ: Trung tâm Học liệu Trường Đại học Cần Thơ
LEADER 01223nam a2200229Ia 4500
001 CTU_223726
008 210402s9999 xx 000 0 und d
020 |c 3831000 
082 |a 579.17 
082 |b P424 
100 |a Pepper, Ian L. 
245 0 |a Environmental microbiology 
245 0 |c Ian L. Pepper, Charles P. Gerba, Terry J. Gentry 
260 |a Boston 
260 |b Elsevier 
260 |c 2015 
520 |a Designed for advanced undergraduate students, graduate students, and environmental professionals, this book builds upon the tremendous success of the previous editions with a comprehensive and up-to-date discussion of environmental microbiology as a discipline that has greatly expanded in scope and interest over the past several decades. From terrestrial and aquatic ecosystems to urban and indoor environments, this edition relates environmental microbiology to a variety of life science, ecology, and environmental science 
526 |a Công nghệ sinh học môi trường,Sinh lý và sinh thái vi sinh vật 
526 |b CS631,CSV607 
650 |a Microbial ecology,Sinh thái vi trùng học 
904 |i Tuyen 
980 |a Trung tâm Học liệu Trường Đại học Cần Thơ